Mechanics of materials (Record no. 6027)

000 -LEADER
fixed length control field 00600nam a2200229 i 4500
001 - CONTROL NUMBER
control field 6027
003 - CONTROL NUMBER IDENTIFIER
control field BD-DhUET
008 - FIXED-LENGTH DATA ELEMENTS--GENERAL INFORMATION
fixed length control field 770505s1978 nyua 001 0 eng
040 ## - CATALOGING SOURCE
Original cataloging agency DLC
Transcribing agency DLC
Modifying agency BD-DhUET
082 00 - DEWEY DECIMAL CLASSIFICATION NUMBER
Classification number 620.11
Item number HIG/1978
100 ## - MAIN ENTRY--PERSONAL NAME
Personal name Higdon, Archie
245 00 - TITLE STATEMENT
Title Mechanics of materials
250 ## - EDITION STATEMENT
Edition statement 3rd ed.
260 ## - PUBLICATION, DISTRIBUTION, ETC. (IMPRINT)
Place of publication, distribution, etc. New York
Name of publisher, distributor, etc. John Wiley and Sons
Date of publication, distribution, etc. 1978
300 ## - PHYSICAL DESCRIPTION
Extent xiv, 752 p.
Other physical details ill.
Dimensions 24 cm.
504 ## - BIBLIOGRAPHY, ETC. NOTE
Bibliography, etc Includes bibliographies
650 #0 - SUBJECT ADDED ENTRY--TOPICAL TERM
Topical term or geographic name as entry element Strength of materials
700 ## - ADDED ENTRY--PERSONAL NAME
Personal name Ohlsen, Wdward H.
700 ## - ADDED ENTRY--PERSONAL NAME
Personal name Stiles , William B.
700 ## - ADDED ENTRY--PERSONAL NAME
Personal name Weese, John A.
942 ## - ADDED ENTRY ELEMENTS (KOHA)
Koha item type General Book
Holdings
Koha full call number Not for loan Koha issues (times borrowed) Piece designation (barcode) Price effective from Sublocation or collection (holding branch) Koha collection Koha date last borrowed Date acquired Shelving location Koha renewals Lost status Koha item type Koha date last seen Copy number Damaged status Withdrawn status Koha normalized classification for sorting Location (home branch) Source of classification or shelving scheme
620.11/HIG/1978  617312014-11-29Central Library, BUET  2014-11-29Circulation section  General Book2014-11-297  620_110000000000000_HIG_1978Central Library, BUET 
620.11/HIG/1978  617252014-12-02Central Library, BUET  2014-12-02Circulation section  General Book2014-12-022  620_110000000000000_HIG_1978Central Library, BUET 
620.11/HIG/1978  617332014-12-02Central Library, BUET  2014-12-02Circulation section  General Book2014-12-023  620_110000000000000_HIG_1978Central Library, BUET 
620.11/HIG/1978 1617272014-12-02Central Library, BUET 2019-02-272014-12-02Circulation section1 General Book2024-02-134  620_000000000000000_11HIG1978Central Library, BUET 
620.11/HIG/1978  617262014-12-02Central Library, BUET  2014-12-02Circulation section  General Book2014-12-025  620_110000000000000_HIG_1978Central Library, BUET 
620.11/HIG/1978  617282014-12-02Central Library, BUET  2014-12-02Circulation section  General Book2014-12-026  620_000000000000000_11HIG1978Central Library, BUET 
620.11/HIG/1978  617302014-12-02Central Library, BUET  2014-12-02Circulation section  General Book2014-12-021  620_000000000000000_11HIG1978Central Library, BUET 
620.11/HIG/1978  617322014-12-02Central Library, BUET  2014-12-02Circulation section  General Book2014-12-028  620_000000000000000_11HIG1978Central Library, BUET 
620.11/HIG/1978  617292015-01-10Central Library, BUET  2015-01-10Circulation section  General Book2015-01-109  620_110000000000000_HIG_1978Central Library, BUET 
620.11/HIG/1978  617342015-01-28Central Library, BUETNon Fiction 2015-01-28Circulation section  General Book2015-01-2810  620_110000000000000_HIG_1978Central Library, BUET